[Event "African Championship 2013 Open"]
[Site "Hotel Sol Phebus - Tunis"]
[Date "2013.05.20"]
[Round "3.4"]
[White "Hifad, Rachid"]
[Black "Belkhodja, Slim"]
[Result "1/2-1/2"]
[WhiteElo "2304"]
[BlackElo "2444"]
[PlyCount "80"]
[EventDate "2013.05.18"]
[EventRounds "9"]
[EventCountry "TUN"]

1. d4 Nf6 2. c4 d6 3. Nc3 Bf5 4. f3 e5 5. e4 exd4 6. Qxd4 Nc6 7. Qd2 Be6 8. b3
g6 9. Bb2 Bg7 10. Nge2 O-O 11. Nf4 a5 12. Bd3 Nd7 13. O-O Nc5 14. Rad1 a4 15.
bxa4 Ne5 16. Nxe6 fxe6 17. Be2 g5 18. g3 Ng6 19. Qc2 Qe7 20. Bc1 Be5 21. Be3 b6
22. Qd2 Qg7 23. Nb5 Rxa4 24. Bxg5 Nf4 25. Bh4 c6 26. Nxd6 Bxd6 27. Qxd6 Nxe2+
28. Kh1 Rxa2 29. e5 Qg6 30. Rd2 Rxd2 31. Qxd2 Qd3 32. Qg5+ Kh8 33. Qe7 Nxg3+
34. hxg3 Qxf1+ 35. Kh2 Qxf3 36. Bf6+ Rxf6 37. exf6 Qh5+ 38. Kg2 Qe2+ 39. Kg1
Qe1+ 40. Kg2 Qe2+ 1/2-1/2

[Event "African Championship 2013 Open"]
[Site "Hotel Sol Phebus - Tunis"]
[Date "2013.05.20"]
[Round "3.5"]
[White "Abdel Razik, Khaled"]
[Black "Solomon, Kenny"]
[Result "1/2-1/2"]
[WhiteElo "2444"]
[BlackElo "2406"]
[PlyCount "125"]
[EventDate "2013.05.18"]
[EventRounds "9"]
[EventCountry "TUN"]

1. d4 Nf6 2. c4 e6 3. Nf3 b6 4. g3 Bb7 5. Bg2 Bb4+ 6. Bd2 a5 7. O-O O-O 8. Nc3
d6 9. Qc2 Bxc3 10. Bxc3 Be4 11. Qc1 Nbd7 12. b3 Re8 13. Re1 Qb8 14. Bh3 Qb7 15.
Qf4 Bxf3 16. exf3 d5 17. Rac1 a4 18. Bb2 axb3 19. axb3 Ra2 20. Rb1 h6 21. Bf1
Qb8 22. Qe3 c6 23. Qc3 Qd6 24. Bd3 Rea8 25. Rbc1 Qf8 26. Bb1 R2a7 27. Qd2 Rd8
28. Kg2 Raa8 29. h3 Rac8 30. Qd3 Qb4 31. Re2 Qd6 32. Qd2 dxc4 33. bxc4 c5 34.
Qe3 cxd4 35. Bxd4 e5 36. Bb2 Qe6 37. Kh2 Re8 38. Bc2 Ra8 39. Ree1 Qc6 40. Qe2
Nc5 41. Ra1 Rxa1 42. Bxa1 Ne6 43. Bd1 Nd7 44. Qd3 Nec5 45. Qc3 f6 46. Bc2 Nf8
47. Qe3 Nfe6 48. h4 Rd8 49. Bg6 Qd6 50. Rb1 Qc6 51. Kg2 Qd6 52. Be4 Nc7 53. Bc3
Qe6 54. Bg6 Qc6 55. Qe2 N7e6 56. Qe3 Nd4 57. Rd1 Nce6 58. Qd3 Nc5 59. Qe3 Nce6
60. Rb1 Qxc4 61. Rxb6 Qc5 62. Rb7 Nf8 63. Be4 1/2-1/2

[Event "African Championship 2013 Open"]
[Site "Hotel Sol Phebus - Tunis"]
[Date "2013.05.20"]
[Round "3.6"]
[White "Haddouche, Mohamed"]
[Black "Bouzidi, Ahmed"]
[Result "0-1"]
[WhiteElo "2459"]
[BlackElo "2161"]
[PlyCount "132"]
[EventDate "2013.05.18"]
[EventRounds "9"]
[EventCountry "TUN"]

1. Nf3 Nf6 2. g3 e6 3. Bg2 Be7 4. d3 O-O 5. e4 c5 6. O-O d5 7. Nbd2 Nc6 8. Re1
Qc7 9. e5 Ng4 10. Qe2 f6 11. exf6 Bxf6 12. Nb3 a5 13. a4 b6 14. c4 Bd7 15. h3
Nge5 16. Bf4 Nxf3+ 17. Bxf3 e5 18. Bxd5+ Kh8 19. Be3 Rae8 20. Be4 g6 21. Kh2
Qc8 22. Nd2 Nb4 23. Nf3 Bxh3 24. Rh1 Kg7 25. Qd2 Rf7 26. Rae1 h5 27. Bh6+ Kh7
28. Bg5 Bf5 29. Kg2 Qd7 30. Bxf6 Rxf6 31. Rh4 Bxe4 32. Rhxe4 Ref8 33. R1e3 Nc6
34. Ng5+ Kg7 35. Rf3 Rf5 36. Rxf5 Qxf5 37. Qe3 Rd8 38. Nf3 Re8 39. b3 Re6 40.
Ng5 Rf6 41. Nf3 Re6 42. Ng5 Rf6 43. f3 Qd7 44. Nh3 Qf5 45. Nf2 Nd4 46. f4 exf4
47. Rxf4 Qe6 48. Re4 Qc6 49. g4 Nf5 50. Qg5 Nd6 51. Qe5 Nxe4 52. Nxe4 Qe6 53.
Qb2 Qxg4+ 54. Kh2 Qf4+ 55. Kg2 g5 56. Nxf6 Qxf6 57. Qe2 g4 58. Qe8 g3 59. Kxg3
Qg6+ 60. Qxg6+ Kxg6 61. d4 cxd4 62. b4 h4+ 63. Kf2 d3 64. c5 d2 65. Ke2 h3 66.
cxb6 h2 0-1

[Event "African Championship 2013 Open"]
[Site "Hotel Sol Phebus - Tunis"]
[Date "2013.05.20"]
[Round "3.7"]
[White "Adnani, Moklis"]
[Black "Njobvu, Ignatius"]
[Result "1-0"]
[WhiteElo "2365"]
[BlackElo "2239"]
[PlyCount "67"]
[EventDate "2013.05.18"]
[EventRounds "9"]
[EventCountry "TUN"]

1. c4 e6 2. Nc3 d5 3. d4 c6 4. Nf3 Nf6 5. e3 Nbd7 6. Qc2 a6 7. Bd2 Bd6 8. g4 b5
9. c5 Bc7 10. g5 Nh5 11. Ne2 g6 12. Ng3 Ng7 13. e4 a5 14. O-O-O Ba6 15. h4 Nf8
16. Ne5 Bxe5 17. dxe5 Qc7 18. f4 b4 19. h5 Nxh5 20. Nxh5 gxh5 21. Bxa6 Rxa6 22.
Rxh5 Rg8 23. Qa4 Qb7 24. exd5 exd5 25. Be3 Qd7 26. Rh2 Ke7 27. Qc2 Qg4 28. f5
Qg3 29. Qe2 Qxe5 30. Bf4 Qxe2 31. Rxe2+ Kd8 32. Rde1 Nd7 33. Bd6 f6 34. gxf6
1-0

[Event "African Championship 2013 Open"]
[Site "Hotel Sol Phebus - Tunis"]
[Date "2013.05.20"]
[Round "3.9"]
[White "Nassr, Ali"]
[Black "Bouaziz, Mehdi"]
[Result "0-1"]
[WhiteElo "2070"]
[BlackElo "2228"]
[PlyCount "134"]
[EventDate "2013.05.18"]
[EventRounds "9"]
[EventCountry "TUN"]

1. e4 c5 2. c3 d5 3. exd5 Qxd5 4. d4 Nc6 5. Nf3 Bg4 6. Be2 e6 7. Be3 cxd4 8.
cxd4 Nf6 9. Nc3 Qd6 10. O-O Be7 11. Qb3 O-O 12. Rfd1 Qb4 13. Qc2 Bf5 14. Qc1
Rfd8 15. a3 Qb3 16. Ne5 Rac8 17. Bc4 Qc2 18. Nxc6 Rxc6 19. Bb5 Rcd6 20. Ba4
Qxc1 21. Raxc1 Ne4 22. Nb5 Ra6 23. Bc2 Nd6 24. Bxf5 Nxf5 25. Nc3 Bf6 26. g4
Nxe3 27. fxe3 Ra5 28. Ne4 Rb5 29. b4 Rbd5 30. Rc7 R5d7 31. Rdc1 h6 32. Rxd7
Rxd7 33. Rc8+ Kh7 34. Nc5 Re7 35. b5 b6 36. Na6 Rd7 37. Rc7 Rxc7 38. Nxc7 Be7
39. a4 Bd6 40. Na6 Kg6 41. e4 Kg5 42. e5 Ba3 43. Kf2 Kf4 44. Nb8 Bb2 45. Nc6
Ke4 46. Nxa7 Bxd4+ 47. Kg2 Bxe5 48. Nc6 Bc7 49. h3 Kd5 50. Kf3 Kc4 51. Ke4 Kb3
52. Kd4 e5+ 53. Kd3 Kxa4 54. Kc4 e4 55. Ne7 Be5 56. Nd5 Ka5 57. Ne7 Bf4 58.
Nc6+ Ka4 59. Ne7 g5 60. Nf5 e3 61. Nd4 Ka3 62. Kd3 Kb4 63. Nf5 Kxb5 64. Nxh6
Ka4 65. Nxf7 b5 66. Nd8 b4 67. Ne6 b3 0-1

[Event "African Championship 2013 Open"]
[Site "Hotel Sol Phebus - Tunis"]
[Date "2013.05.20"]
[Round "3.10"]
[White "Asabri, Hussien"]
[Black "Taeib, Sahbi"]
[Result "1/2-1/2"]
[WhiteElo "2222"]
[BlackElo "2134"]
[PlyCount "77"]
[EventDate "2013.05.18"]
[EventRounds "9"]
[EventCountry "TUN"]

1. d4 d5 2. Nf3 Nf6 3. c4 c6 4. g3 Bf5 5. Bg2 e6 6. O-O a6 7. Nc3 h6 8. Nd2 Be7
9. e4 dxe4 10. Ndxe4 Nbd7 11. Bf4 Nxe4 12. Nxe4 Nf6 13. Nc3 Bd6 14. Bxd6 Qxd6
15. d5 cxd5 16. cxd5 e5 17. Qb3 Rb8 18. Rfe1 O-O 19. Nd1 Bg6 20. Ne3 e4 21.
Rad1 b5 22. Bh3 Rfd8 23. Qc3 Rb6 24. Qd4 Qb8 25. Bf5 Rbd6 26. Qe5 Qb7 27. Rd2
Qb6 28. Rdd1 Re8 29. Qc3 Red8 30. Qe5 Re8 31. Qc3 Red8 32. b4 Qb7 33. Qe5 Qb6
34. a4 Re8 35. Qb2 Qd8 36. axb5 axb5 37. Qc3 Qe7 38. Qc5 Rb8 39. Ra1 1/2-1/2

[Event "African Championship 2013 Open"]
[Site "Hotel Sol Phebus - Tunis"]
[Date "2013.05.20"]
[Round "3.12"]
[White "Oliveira, Luciano"]
[Black "Al-Zayat, Ahmed"]
[Result "1/2-1/2"]
[WhiteElo "2189"]
[BlackElo "2070"]
[PlyCount "89"]
[EventDate "2013.05.18"]
[EventRounds "9"]
[EventCountry "TUN"]

1. d4 Nf6 2. Nf3 c5 3. e3 e6 4. c4 d5 5. Nc3 Be7 6. dxc5 O-O 7. a3 dxc4 8. Qc2
Bxc5 9. Bxc4 a6 10. b4 Be7 11. Bb2 b5 12. Be2 Bb7 13. O-O Nbd7 14. Qb3 Qb6 15.
Rfd1 Rac8 16. Rd4 Rfd8 17. Rad1 Nd5 18. Ne4 Qc7 19. Rc1 Qb8 20. Rxc8 Qxc8 21.
a4 bxa4 22. Qxa4 N5b6 23. Qd1 Bxe4 24. Rxe4 Nf6 25. Rd4 Nfd5 26. Qb3 Bf6 27.
Rd2 Bxb2 28. Qxb2 Na4 29. Qd4 Nac3 30. Bf1 Rf8 31. Rc2 f5 32. Ne5 Qc7 33. f3
Rb8 34. Rb2 Nd1 35. Qxd1 Qxe5 36. Qd4 Qxd4 37. exd4 Rxb4 38. Ra2 Rxd4 39. Rxa6
Kf7 40. Ra2 f4 41. Kf2 Kf6 42. Rb2 Ne3 43. Ra2 g5 44. Be2 h5 45. Rb2 1/2-1/2

[Event "African Championship 2013 Open"]
[Site "Hotel Sol Phebus - Tunis"]
[Date "2013.05.20"]
[Round "3.13"]
[White "Boudriga, Med Ali"]
[Black "Nafri, Khalil"]
[Result "0-1"]
[WhiteElo "2234"]
[BlackElo "2191"]
[PlyCount "96"]
[EventDate "2013.05.18"]
[EventRounds "9"]
[EventCountry "TUN"]

1. e4 c5 2. Nf3 Nc6 3. Bb5 g6 4. Bxc6 dxc6 5. d3 Bg7 6. h3 e5 7. Be3 Qe7 8. Qd2
Nf6 9. Nc3 Nd7 10. Bh6 Bxh6 11. Qxh6 f6 12. Qd2 Nf8 13. Nh2 Ne6 14. Ne2 Qc7 15.
O-O g5 16. Ng4 Nf4 17. Nxf6+ Kf7 18. Ng4 Bxg4 19. hxg4 h5 20. g3 hxg4 21. f3
Kg6 22. gxf4 gxf4 23. fxg4 Raf8 24. Ng3 fxg3 25. Rf5 Qd8 26. Qe3 Qh4 27. Kg2
Qxg4 28. Qxg3 Qxg3+ 29. Kxg3 Rxf5 30. exf5+ Kxf5 31. b3 Ke6 32. c4 Rd8 33. Rd1
e4 34. Re1 Rxd3+ 35. Kf4 e3 36. Ke4 Rd2 37. Rxe3 Rxa2 38. Kd3+ Kd6 39. Rh3 b5
40. cxb5 cxb5 41. Rh6+ Kc7 42. Kc3 Kb7 43. Rg6 Ra6 44. Rg7+ Kb6 45. Rh7 Ra2 46.
Rh8 Rg2 47. Rh4 b4+ 48. Kd3 Rb2 0-1

[Event "African Championship 2013 Open"]
[Site "Hotel Sol Phebus - Tunis"]
[Date "2013.05.21"]
[Round "4.2"]
[White "Ezat, Mohamed"]
[Black "El Gindy, Essam"]
[Result "0-1"]
[WhiteElo "2454"]
[BlackElo "2482"]
[PlyCount "70"]
[EventDate "2013.05.18"]
[EventRounds "9"]
[EventCountry "TUN"]

1. d4 Nf6 2. c4 e6 3. Nf3 Bb4+ 4. Bd2 c5 5. Bxb4 cxb4 6. g4 b6 7. Nbd2 Bb7 8.
Qc2 Na6 9. g5 Nh5 10. Rg1 Rc8 11. Qa4 O-O 12. e3 d6 13. Be2 g6 14. h4 Qe8 15.
Qd1 Kh8 16. Nh2 f5 17. Qb3 e5 18. d5 b5 19. Nhf1 bxc4 20. Bxc4 Nc5 21. Qd1 Na4
22. Qb3 a5 23. a3 Nb6 24. Rd1 Qf7 25. Qd3 Rc5 26. axb4 axb4 27. b3 Bxd5 28.
Bxd5 Rxd5 29. Qa6 Qc7 30. e4 Rc5 31. exf5 Nf4 32. Nc4 Nxc4 33. bxc4 d5 34. cxd5
gxf5 35. h5 Rxd5 0-1

[Event "African Championship 2013 Open"]
[Site "Hotel Sol Phebus - Tunis"]
[Date "2013.05.21"]
[Round "4.3"]
[White "Bouzidi, Ahmed"]
[Black "Arab, Adlane"]
[Result "1-0"]
[WhiteElo "2161"]
[BlackElo "2445"]
[PlyCount "123"]
[EventDate "2013.05.18"]
[EventRounds "9"]
[EventCountry "TUN"]

1. e4 c5 2. c3 Nf6 3. e5 Nd5 4. Bc4 e6 5. d4 d6 6. Nf3 cxd4 7. cxd4 Nb6 8. Bd3
Bd7 9. O-O Bc6 10. Nc3 N8d7 11. Ng5 Be7 12. Qh5 g6 13. Qh6 Bf8 14. Qh3 dxe5 15.
Bxg6 hxg6 16. Qxh8 exd4 17. Qxd4 Nc5 18. Qf4 Qe7 19. Rd1 e5 20. Qh4 Ne6 21. Qg3
Nd4 22. Nh7 Bg7 23. Bg5 Qe6 24. Qh4 Nd7 25. Ne4 f5 26. Bf6 Bxe4 27. Bxg7 Ne2+
28. Kh1 Bxg2+ 29. Kxg2 Qc6+ 30. f3 Nf4+ 31. Kg3 Nh5+ 32. Kf2 Qc2+ 33. Ke1 Nf4
34. Qf2 Nd3+ 35. Rxd3 Qxd3 36. Rd1 Qa6 37. Qd2 Nc5 38. Bxe5 Rc8 39. Nf6+ Kf8
40. Qd6+ Qxd6 41. Bxd6+ Kf7 42. Bxc5 Rxc5 43. Nd5 Rc4 44. f4 Ke6 45. Rd2 Rc1+
46. Kf2 b5 47. Ne3 Rb1 48. Nc2 Ke7 49. Nb4 Ke6 50. Nd5 Rc1 51. Ke3 Re1+ 52. Kd4
Kd6 53. Nc3 a6 54. a4 bxa4 55. Nxa4 Re4+ 56. Kc3+ Kc6 57. Rd4 Re2 58. Rc4+ Kd6
59. Nc5 Kd5 60. Nxa6 Rxh2 61. Nb4+ Kd6 62. Rc6+ 1-0

[Event "African Championship 2013 Open"]
[Site "Hotel Sol Phebus - Tunis"]
[Date "2013.05.21"]
[Round "4.4"]
[White "Belkhodja, Slim"]
[Black "Adnani, Moklis"]
[Result "0-1"]
[WhiteElo "2444"]
[BlackElo "2365"]
[PlyCount "84"]
[EventDate "2013.05.18"]
[EventRounds "9"]
[EventCountry "TUN"]

1. e4 c5 2. Nf3 Nc6 3. Bb5 d6 4. Bxc6+ bxc6 5. O-O Bg4 6. h3 Bh5 7. d3 Nf6 8.
Nbd2 e6 9. e5 Nd7 10. exd6 Bxd6 11. Ne4 Qc7 12. Qe2 O-O 13. Qe3 e5 14. Nxd6
Qxd6 15. Nd2 f5 16. Nc4 Qd5 17. Qg5 Bg6 18. Bd2 f4 19. f3 e4 20. Bxf4 exd3 21.
Ne3 Qd4 22. g3 dxc2 23. Rf2 Rae8 24. Kg2 Rxf4 25. Nxc2 Rf5 26. Nxd4 Rxg5 27.
Nxc6 c4 28. Rd1 Nb8 29. f4 Rc5 30. Ne5 Be4+ 31. Kf1 Nc6 32. Re2 Bd5 33. Rxd5
Rxd5 34. Nxc6 Rd1+ 35. Kf2 Rxe2+ 36. Kxe2 Rb1 37. Nxa7 Rxb2+ 38. Ke3 Rxa2 39.
Nb5 Rg2 40. Kf3 Rb2 41. Nd4 c3 42. Ke3 Rg2 0-1

[Event "African Championship 2013 Open"]
[Site "Hotel Sol Phebus - Tunis"]
[Date "2013.05.21"]
[Round "4.5"]
[White "Solomon, Kenny"]
[Black "Hifad, Rachid"]
[Result "1-0"]
[WhiteElo "2406"]
[BlackElo "2304"]
[PlyCount "104"]
[EventDate "2013.05.18"]
[EventRounds "9"]
[EventCountry "TUN"]

1. d4 Nf6 2. c4 g6 3. Nc3 Bg7 4. e4 d6 5. Nf3 O-O 6. h3 e5 7. d5 Kh8 8. Bg5 Qd7
9. g4 a5 10. Bd3 Na6 11. a3 Ng8 12. Bc2 Qe8 13. Rg1 Bd7 14. Nd2 Nc5 15. b4 axb4
16. axb4 Na6 17. Rb1 Ne7 18. Nf1 f6 19. Be3 f5 20. f3 Bf6 21. g5 Bg7 22. h4
fxe4 23. fxe4 Nc8 24. c5 Nb8 25. Ra1 Rxa1 26. Qxa1 Na6 27. Qa5 Bh3 28. Nd2 dxc5
29. bxc5 Qe7 30. Rg3 Bd7 31. Bd3 c6 32. Bxa6 bxa6 33. Qxa6 Be8 34. Qxc8 cxd5
35. Nxd5 Qa7 36. Rf3 Rg8 37. Qh3 Bd7 38. Qf1 Be6 39. Qb5 Qa2 40. Qb3 Qa1+ 41.
Qb1 Qa4 42. Qd1 Qa2 43. Qb3 Qa1+ 44. Nb1 Qa5+ 45. Kf2 Bg4 46. Nf6 Bxf6 47. Rxf6
Qa8 48. Qd5 Qa1 49. Qb7 Qa4 50. Kg3 Bc8 51. Qb8 Qd7 52. Kf2 Re8 1-0

[Event "African Championship 2013 Open"]
[Site "Hotel Sol Phebus - Tunis"]
[Date "2013.05.21"]
[Round "4.6"]
[White "Bouaziz, Mehdi"]
[Black "Abdel Razik, Khaled"]
[Result "0-1"]
[WhiteElo "2228"]
[BlackElo "2444"]
[PlyCount "76"]
[EventDate "2013.05.18"]
[EventRounds "9"]
[EventCountry "TUN"]

1. Nf3 c5 2. g3 g6 3. Bg2 Bg7 4. c4 Nf6 5. O-O O-O 6. Nc3 d5 7. cxd5 Nxd5 8.
Qb3 Nb6 9. d3 Nc6 10. Be3 Nd4 11. Bxd4 cxd4 12. Ne4 Be6 13. Qa3 Bd5 14. Nc5 Qd6
15. Nd2 Bxg2 16. Kxg2 Rfc8 17. Rac1 Bh6 18. Rfd1 Qd5+ 19. Kg1 Qh5 20. Ncb3 Qxe2
21. Nxd4 Qg4 22. N4f3 Nd5 23. Rxc8+ Rxc8 24. Qb3 Rd8 25. d4 f6 26. h3 Qxh3 27.
Qxb7 Qg4 28. Qb3 Kf8 29. Nf1 Qd7 30. N1d2 Qc6 31. Qc4 Qa8 32. Ne4 Ne3 33. Qd3
Nxd1 34. Nc5 Qd5 35. b4 Nb2 36. Qe2 Kf7 37. Kg2 Nc4 38. a4 Nd2 0-1

[Event "African Championship 2013 Open"]
[Site "Hotel Sol Phebus - Tunis"]
[Date "2013.05.21"]
[Round "4.7"]
[White "Sarwat, Walaa"]
[Black "Amdouni, Zoubaier"]
[Result "1-0"]
[WhiteElo "2335"]
[BlackElo "2249"]
[PlyCount "67"]
[EventDate "2013.05.18"]
[EventRounds "9"]
[EventCountry "TUN"]

1. e4 c5 2. Nf3 Nc6 3. Nc3 e5 4. Bc4 Be7 5. d3 Nf6 6. Ng5 O-O 7. f4 d5 8. exd5
Bg4 9. Qd2 Nd4 10. O-O exf4 11. Qxf4 Bd6 12. Qf2 Qb8 13. h3 Bg3 14. Qd2 b5 15.
hxg4 Nxg4 16. Nf3 Re8 17. d6 bxc4 18. Qg5 f5 19. Nxd4 cxd4 20. Qxf5 Bh2+ 21.
Kh1 Rf8 22. Qe6+ Kh8 23. Rxf8+ Qxf8 24. Qxg4 Bxd6 25. Ne2 Qf1+ 26. Ng1 Re8 27.
Bh6 Qf6 28. Bg5 Qg6 29. Nf3 h6 30. Qh3 cxd3 31. cxd3 Qxd3 32. Rc1 Kh7 33. Bxh6
Kg8 34. Bxg7 1-0

[Event "African Championship 2013 Open"]
[Site "Hotel Sol Phebus - Tunis"]
[Date "2013.05.21"]
[Round "4.8"]
[White "Taeib, Sahbi"]
[Black "Van Den Heever, Donovan"]
[Result "1/2-1/2"]
[WhiteElo "2134"]
[BlackElo "2280"]
[PlyCount "51"]
[EventDate "2013.05.18"]
[EventRounds "9"]
[EventCountry "TUN"]

1. e4 c5 2. Nf3 d6 3. d4 cxd4 4. Nxd4 Nf6 5. Nc3 Nc6 6. f3 e5 7. Nb3 Be7 8. Be3
O-O 9. Qd2 Be6 10. O-O-O a5 11. Bb5 Na7 12. Bd3 Nc8 13. a4 Nb6 14. g4 Nc4 15.
Bxc4 Bxc4 16. g5 Nh5 17. Kb1 Qc7 18. Nd5 Bxd5 19. Qxd5 Rfc8 20. Rd2 Qc4 21.
Qxb7 Bf8 22. Qb5 Qc6 23. Qd5 Qe8 24. Qb5 Qe6 25. Qd5 Qe8 26. Qb5 1/2-1/2

[Event "African Championship 2013 Open"]
[Site "Hotel Sol Phebus - Tunis"]
[Date "2013.05.21"]
[Round "4.9"]
[White "Zaibi, Amir"]
[Black "Oliveira, Luciano"]
[Result "1-0"]
[WhiteElo "2285"]
[BlackElo "2189"]
[PlyCount "77"]
[EventDate "2013.05.18"]
[EventRounds "9"]
[EventCountry "TUN"]

1. e4 c6 2. d4 d5 3. e5 Bf5 4. Nf3 e6 5. Be2 Qb6 6. O-O Ne7 7. b3 Nd7 8. Ba3
Ng6 9. Bxf8 Ndxf8 10. Qd2 Ne7 11. c4 Nd7 12. Nc3 h6 13. Rac1 O-O 14. cxd5 Nxd5
15. Nxd5 cxd5 16. Rc3 Rfc8 17. Rfc1 Qd8 18. a4 Nb6 19. a5 Rxc3 20. Rxc3 Nd7 21.
h3 Rc8 22. Qc1 Rxc3 23. Qxc3 a6 24. b4 Nb8 25. b5 axb5 26. Bxb5 Na6 27. Bxa6
bxa6 28. g4 Bg6 29. Nd2 h5 30. Nb3 hxg4 31. hxg4 Qg5 32. f3 Qh4 33. Kg2 Qd8 34.
Nc5 Qc8 35. Qb3 Qd8 36. Qb4 Qg5 37. Qc3 f5 38. Nxe6 Qe7 39. Qc8+ 1-0

[Event "African Championship 2013 Open"]
[Site "Hotel Sol Phebus - Tunis"]
[Date "2013.05.21"]
[Round "4.10"]
[White "Al-Zayat, Ahmed"]
[Black "Haddouche, Mohamed"]
[Result "0-1"]
[WhiteElo "2070"]
[BlackElo "2459"]
[PlyCount "80"]
[EventDate "2013.05.18"]
[EventRounds "9"]
[EventCountry "TUN"]

1. e4 d6 2. d4 Nf6 3. Nc3 c6 4. h3 Nbd7 5. g4 h6 6. Bg2 e5 7. dxe5 dxe5 8. Nge2
b5 9. Be3 Qc7 10. a3 Bc5 11. Qd2 Bb7 12. Ng3 Bxe3 13. Qxe3 g6 14. Bf3 Nf8 15.
g5 hxg5 16. Qxg5 Ke7 17. Bg4 Rd8 18. f4 N8h7 19. Qxe5+ Qxe5 20. fxe5 Nxg4 21.
hxg4 Bc8 22. Rd1 Ng5 23. Rxh8 Rxh8 24. Rd6 Nf3+ 25. Kf1 Nxe5 26. Rd4 Bxg4 27.
a4 a6 28. axb5 axb5 29. Nd1 Bxd1 30. Rxd1 Rh2 31. Rc1 Nc4 32. Kg1 Rd2 33. Nf1
Rd4 34. b3 Ne5 35. Ng3 Rd2 36. Kf1 Rh2 37. c4 b4 38. Ra1 Rb2 39. Ra7+ Kd6 40.
Ra5 Rxb3 0-1

[Event "African Championship 2013 Open"]
[Site "Hotel Sol Phebus - Tunis"]
[Date "2013.05.21"]
[Round "4.11"]
[White "Njobvu, Ignatius"]
[Black "Solomons, Deon"]
[Result "1-0"]
[WhiteElo "2239"]
[BlackElo "2169"]
[PlyCount "103"]
[EventDate "2013.05.18"]
[EventRounds "9"]
[EventCountry "TUN"]

1. Nf3 Nf6 2. c4 g6 3. b4 Bg7 4. Bb2 O-O 5. d3 a5 6. a3 d6 7. Nbd2 e5 8. e3 Qe7
9. Be2 Nbd7 10. O-O c6 11. Qb3 Kh8 12. Rfe1 Nh5 13. Nf1 f5 14. Ng3 Nhf6 15. Bf1
Ng4 16. h3 Nh6 17. Bc3 a4 18. Qb2 Bf6 19. Rac1 Nf7 20. b5 Kg8 21. Rcd1 h5 22.
d4 e4 23. Nh2 Re8 24. Ne2 Nd8 25. Nf4 Kh7 26. Be2 Rg8 27. Kh1 Bh4 28. g3 Bg5
29. Rg1 Nf7 30. Rg2 Nf8 31. Rb1 Qc7 32. Rgg1 Ne6 33. bxc6 bxc6 34. Qb6 Bd8 35.
Qb2 Nxf4 36. gxf4 Be6 37. Qc2 h4 38. Rb4 g5 39. Rxa4 Rxa4 40. Qxa4 d5 41. Bd2
Bf6 42. c5 Qd7 43. Qb4 g4 44. a4 Nh6 45. Qb1 Qf7 46. a5 Rg7 47. a6 Bd8 48. Qa1
Qg8 49. a7 g3 50. a8=Q g2+ 51. Rxg2 Rxg2 52. Qf1 1-0

[Event "African Championship 2013 Open"]
[Site "Hotel Sol Phebus - Tunis"]
[Date "2013.05.21"]
[Round "4.12"]
[White "Nafri, Khalil"]
[Black "Asabri, Hussien"]
[Result "1/2-1/2"]
[WhiteElo "2191"]
[BlackElo "2222"]
[PlyCount "36"]
[EventDate "2013.05.18"]
[EventRounds "9"]
[EventCountry "TUN"]

1. e4 e5 2. Nf3 Nc6 3. d4 exd4 4. Nxd4 Nf6 5. Nxc6 bxc6 6. e5 Qe7 7. Qe2 Nd5 8.
c4 Ba6 9. b3 O-O-O 10. Bb2 f6 11. Qe4 Nb6 12. Nd2 Re8 13. f4 g5 14. O-O-O Bg7
15. Nf3 c5 16. Re1 Bb7 17. Qf5 h5 18. h4 Ref8 1/2-1/2

[Event "African Championship 2013 Open"]
[Site "Hotel Sol Phebus - Tunis"]
[Date "2013.05.21"]
[Round "4.13"]
[White "Elarbi, Abobker"]
[Black "Nassr, Ali"]
[Result "1/2-1/2"]
[WhiteElo "2272"]
[BlackElo "2070"]
[PlyCount "73"]
[EventDate "2013.05.18"]
[EventRounds "9"]
[EventCountry "TUN"]

1. Nf3 Nf6 2. g3 d5 3. Bg2 Bf5 4. O-O h6 5. c4 e6 6. Qb3 Qc8 7. Nc3 c6 8. d4
Nbd7 9. Re1 Be7 10. Nd2 O-O 11. e4 dxe4 12. Ndxe4 Nxe4 13. Nxe4 Nf6 14. Nc3 Qd7
15. d5 Bc5 16. Be3 Bxe3 17. Rxe3 cxd5 18. cxd5 exd5 19. Nxd5 Nxd5 20. Bxd5 Rad8
21. Re5 b6 22. Rae1 Bg6 23. Qe3 Kh8 24. Bb3 Qd2 25. Re7 Qxe3 26. R1xe3 Rd2 27.
Rxa7 Rxb2 28. Rb7 Bb1 29. a4 f5 30. Rxb6 Be4 31. Rd6 Rb8 32. Bd1 Rb1 33. f3 Bc2
34. Re1 Bxa4 35. Kf2 Rxd1 36. Rdxd1 Bxd1 37. Rxd1 1/2-1/2

[Event "African Championship 2013 Open"]
[Site "Hotel Sol Phebus - Tunis"]
[Date "2013.05.21"]
[Round "4.14"]
[White "Miguel, Sergio"]
[Black "Boudriga, Med Ali"]
[Result "1/2-1/2"]
[WhiteElo "2218"]
[BlackElo "2234"]
[PlyCount "126"]
[EventDate "2013.05.18"]
[EventRounds "9"]
[EventCountry "TUN"]

1. e4 c5 2. Nc3 Nc6 3. Nf3 g6 4. d4 cxd4 5. Nxd4 Bg7 6. Be3 d6 7. Qd2 Nf6 8. f3
O-O 9. Bc4 Bd7 10. O-O-O Rc8 11. Bb3 Ne5 12. h4 h5 13. Bg5 Rc5 14. g4 hxg4 15.
f4 Nc4 16. Qd3 b5 17. f5 Ne5 18. Qe3 Nc4 19. Qe2 Qa5 20. Bxf6 Bxf6 21. Nd5 Rxd5
22. exd5 Ne5 23. Qe4 Qb4 24. c3 Qc5 25. fxg6 fxg6 26. Ne6 Bxe6 27. dxe6 Kg7 28.
Rd5 Qf2 29. Bc2 Qf5 30. Rxb5 Qh5 31. Rd5 Rh8 32. Rdd1 Bxh4 33. Kb1 Qg5 34. Qd4
g3 35. Be4 Qg4 36. Bg2 Bf6 37. Qxg4 Nxg4 38. Rxh8 Kxh8 39. Rd3 Be5 40. b4 Bf4
41. a4 Ne3 42. Rd2 Be5 43. Re2 Nxg2 44. Rxg2 Kg7 45. Kc2 Kf6 46. c4 Kxe6 47.
Kd3 Kd7 48. Ke4 Bc3 49. Rxg3 Bxb4 50. Rxg6 Bc5 51. Kd5 Kc7 52. a5 Bb4 53. Rg7
Kd7 54. a6 Bc5 55. Rh7 Bb6 56. Rh8 e6+ 57. Ke4 Kc6 58. Rh6 e5 59. Rh7 Bc5 60.
Rg7 Bd4 61. Rb7 Bc5 62. Rb8 Kc7 63. Rb3 Kc6 1/2-1/2

[Event "African Championship 2013 Open"]
[Site "Hotel Sol Phebus - Tunis"]
[Date "2013.05.22"]
[Round "5.1"]
[White "Adnani, Moklis"]
[Black "Amin, Bassem"]
[Result "1/2-1/2"]
[WhiteElo "2365"]
[BlackElo "2635"]
[PlyCount "67"]
[EventDate "2013.05.18"]
[EventRounds "9"]
[EventCountry "TUN"]

1. e4 e5 2. Nf3 Nc6 3. Nc3 Nf6 4. Bb5 Bb4 5. O-O O-O 6. d3 d6 7. Bg5 Ne7 8. Nh4
c6 9. Bc4 d5 10. Bb3 Bg4 11. f3 Be6 12. Bxf6 gxf6 13. f4 Bxc3 14. bxc3 exf4 15.
Rxf4 Ng6 16. Nxg6 hxg6 17. Qf3 f5 18. exf5 Bxf5 19. c4 dxc4 20. Bxc4 Qd6 21.
Rf1 Rae8 22. h4 Kg7 23. Qf2 b5 24. Bb3 a5 25. a4 Be6 26. Bxe6 Qxe6 27. h5 Qe3
28. Qxe3 Rxe3 29. hxg6 f6 30. d4 bxa4 31. d5 cxd5 32. Rxa4 Ra8 33. Rd1 Rc8 34.
Rxd5 1/2-1/2

[Event "African Championship 2013 Open"]
[Site "Hotel Sol Phebus - Tunis"]
[Date "2013.05.22"]
[Round "5.2"]
[White "El Gindy, Essam"]
[Black "Solomon, Kenny"]
[Result "1/2-1/2"]
[WhiteElo "2482"]
[BlackElo "2406"]
[PlyCount "99"]
[EventDate "2013.05.18"]
[EventRounds "9"]
[EventCountry "TUN"]

1. d4 Nf6 2. c4 e6 3. Nc3 Bb4 4. Qc2 O-O 5. a3 Bxc3+ 6. Qxc3 b6 7. Nf3 Bb7 8.
g3 d6 9. Bg2 Nbd7 10. O-O Qe7 11. b3 Rfe8 12. Bb2 a5 13. Rfd1 Qf8 14. Rac1 Be4
15. Bf1 Bb7 16. Bg2 Be4 17. Bh3 Bb7 18. Qe3 Qe7 19. Nh4 h6 20. Nf3 Ra7 21. Bg2
Qf8 22. h3 Qe7 23. Rd2 Ne4 24. Rdd1 Nef6 25. Qc3 Ne4 26. Qc2 Nef6 27. a4 Be4
28. Qc3 Qf8 29. Nd2 Bxg2 30. Kxg2 e5 31. e4 exd4 32. Qxd4 Nc5 33. Re1 Raa8 34.
Re3 Re6 35. Rce1 Rae8 36. f3 R8e7 37. Nf1 Nfd7 38. Qd5 Nf6 39. Qd1 Qa8 40. Kh2
h5 41. R3e2 Nfd7 42. Re3 c6 43. Qd4 Qf8 44. Nd2 f5 45. exf5 Rxe3 46. Rxe3 Rxe3
47. Qxe3 Qxf5 48. Ne4 Nxe4 49. fxe4 Qf1 50. h4 1/2-1/2